| 000 | 01108cam a2200277 i 4500 | ||
|---|---|---|---|
| 003 | SA-RiAUC | ||
| 005 | 20241229140356.0 | ||
| 008 | 241229s2003 mr g b 00010 ara c | ||
| 040 |
_aSA-JeALM _bara _cSA-RiAUC _erda |
||
| 082 | 0 | 4 |
_a217.2 _qSA-RiAUC |
| 090 |
_a217.2 ا ب ن ي _b217.2 ا ب ن ي |
||
| 100 | 1 |
_aابن يعيش، محمد بن عبد الرحمن _eمؤلف. |
|
| 245 | 1 | 2 |
_aالتغيير الاجتماعي عند الوهابية : _bالآفاق والسلبيات / _cمحمد بنيعيش. |
| 250 | _aالطبعة الأولى. | ||
| 264 | 3 |
_aتطوان، المغرب : _bمطبعة الخليج العربي _c2003 |
|
| 300 |
_a96 صفحة ؛ _c20 سم |
||
| 336 |
_aنص _btxt _2rdacontent _3كتاب |
||
| 337 |
_aبدون وسيط _bn _2rdamedia |
||
| 338 |
_aمجلد _bnc _2rdacarrier |
||
| 504 | _aببليوجرافية : صفحة 91-94. | ||
| 650 | 7 |
_aالوهابية _2aucsh |
|
| 650 | 7 |
_aعلم الاجتماع الإسلامي _2aucsh |
|
| 650 | 7 |
_aالتغير الاجتماعي _2aucsh |
|
| 942 |
_2ddc _cBOOK _n0 |
||
| 949 |
_aSA-JeALM _d241229 _umohamedma123 _n1 |
||
| 999 |
_c4057 _d4057 |
||